| 000 | 00000nam##2200000za#4500 |
| 001 | 9.571856 |
| 003 | CaOODSP |
| 005 | 20210624182931 |
| 007 | cr ||||||||||| |
| 008 | 150406|2009||||xxc|||||o f|0| 0 eng|d |
| 040 | |aCaOODSP|beng |
| 043 | |an-cn--- |
| 086 | 1 |aNH18-24/24-2009E-PDF |
| 110 | 2 |aCanada Mortgage and Housing Corporation. |
| 245 | 10|aBackup power for your home |h[electronic resource] |
| 250 | |aRev. 2009 |
| 260 | |bCanada Mortgage and Housing Corporation |cc1999. |
| 300 | |a8p.|btables |
| 490 | 1 |aAbout your house |vCE24 |
| 504 | |aBibliography. |
| 590 | |a11-24-Supp|b2011-10-24 |
| 690 | 07|aEnergy supply|2gcpds |
| 690 | 07|aHeating|2gcpds |
| 690 | 07|aHousehold equipment|2gcpds |
| 775 | 08|tAlimentation de secours pour votre maison |w(CaOODSP)9.602276 |
| 830 | #0|aAbout your house ;|vCE24|w(CaOODSP)9.505388 |
| 856 | 40|ahttp://publications.gc.ca|qPDF|s519 KB|uhttps://publications.gc.ca/collections/collection_2011/schl-cmhc/nh18-24/NH18-24-24-2009-eng.pdf|yCE24 |